<A> munkajogi felelösségi rendszer újraszabályozásának szempontjai.
Poslanie pracovného práva v nových ekonomických podmienkach. Rozbor a porovnanie doterajšej právnej úpravy v oblasti zamestnanosti a práce a súčasných potrieb, najmä v súvislosti s privatizáciou ekonomiky. Využitie skúsenosti Nemecka pri transformácii právnych úprav zamestnanosti na území bývalej ND...
Salvato in:
| Autore principale: | |
|---|---|
| Natura: | Capitolo di libro |
| Lingua: | ungherese |
| Soggetti: | |
| Tags: |
Nessun Tag, puoi essere il primo ad aggiungerne!!
|
MARC
| LEADER | 00000naa a2200000 4500 | ||
|---|---|---|---|
| 001 | r005576 | ||
| 005 | 20221125113933.0 | ||
| 041 | 0 | |a hun | |
| 044 | |a HU | ||
| 245 | 1 | 0 | |a <A> munkajogi felelösségi rendszer újraszabályozásának szempontjai. |c T. Prugberger |
| 520 | |a Poslanie pracovného práva v nových ekonomických podmienkach. Rozbor a porovnanie doterajšej právnej úpravy v oblasti zamestnanosti a práce a súčasných potrieb, najmä v súvislosti s privatizáciou ekonomiky. Využitie skúsenosti Nemecka pri transformácii právnych úprav zamestnanosti na území bývalej NDR. Detailný rozbor podmienok a právnych aspektov zamestnanosti. | ||
| 610 | 2 | 0 | |a právo pracovné |
| 610 | 2 | 0 | |a MR |
| 610 | 2 | 0 | |a zamestnanosť |
| 610 | 2 | 0 | |a privatizácia |
| 610 | 2 | 0 | |a Nemecko |
| 100 | 1 | |a Prugberger, T. | |